Pętle i krańcówki tramwajowe we Wrocławiu - Statystyki

Ogólne statystyki
  • Ten quiz został rozwiązany 527 razy
    523 od ostatniego zresetowania
  • Średni wynik to 18 z 25
Statystyki odpowiedzi
numery lini Pętla (nazwa) % Poprawnych
1,2,4,10 Biskupin
91%
2,6 Krzyki
88%
31,32 Gaj
87%
3,10,20 Leśnica
85%
9,17,33 Sępolno
85%
8,16 Tarnogaj
83%
4,5,20 Oporów
80%
3,5 Księże Małe
78%
7,17 Klecina
76%
9,15 Park Południowy
75%
1,7,15 Poświętne
75%
6, (23 opcjonalnie) Kowale
74%
11,23 Kromera
73%
16 Zoo
73%
0P,0L Dworzec Nadodrze
68%
8 Karłowice
67%
14,24 Osobowice
66%
33,23( stan na dzień 17.04.2020) Pilczyce
64%
11 Grabiszyńska (Cmentarz)
63%
32 Kozanów (Dokerska)
59%
14,24 Fat
58%
31 Stadion Wrocław (Królewiecka)
55%
23 (w tym momencie nie użytkowana, stan na dzień 17.04.2020) Wrocławski Park Przemysłowy
55%
brak lini obsługujących Stadion Olimpijski
47%
brak lini obsługujących Grabiszynek
35%
Nie znaleziono quizów pasujących do podanych kryteriów
Rozkład punktacji
Procent ludzi z każdym wynikiem
Percentyl według liczby udzielonych odpowiedzi
Twoja historia wyników
Nie rozwiązałeś tego quizu od ostatniego zresetowania